Osobitosti auditu účtovnej závierky v poisťovniach diplomová práca

Saved in:
Bibliographic Details
Main Author: Miklošíková, Mária
Corporate Author: Národohospodárska fakulta EU. Katedra poisťovníctva
Other Authors: Majtánová, Anna
Format: Book
Language:Slovak
Published: Bratislava 2013
Tags: Add Tag
No Tags, Be the first to tag this record!

MARC

LEADER 00000nbm a2200000 4500
001 0170549
005 20161109102353.6
041 0 |a slo 
044 |a SK 
245 1 0 |a Osobitosti auditu účtovnej závierky v poisťovniach  |b diplomová práca  |c Mária Miklošíková ; školiteľ: Anna Majtánová 
264 1 |a Bratislava  |c 2013 
300 |a 63 s. 
100 1 |a Miklošíková, Mária 
700 1 |a Majtánová, Anna 
710 2 |a Národohospodárska fakulta EU. Katedra poisťovníctva